[Event "ICS rated blitz match"]
[Site "204.178.125.65"]
[Date "2000.09.26"]
[Round "?"]
[White "PostModernist"]
[Black "Hossa"]
[Result "1/2-1/2"]
[WhiteElo "2676"]
[BlackElo "2597"]
[PlyCount "255"]
[EventDate "2000.??.??"]

1. d4 d5 2. Nf3 Nf6 3. e3 e6 4. Nbd2 c5 5. Bd3 c4 6. Be2 Bd6 7. b3 c3 8. Nb1
Ne4 9. O-O O-O 10. Ba3 Bxa3 11. Nxa3 Qe7 12. Nb1 Nc6 13. Bd3 Bd7 14. Ne1 Qb4
15. a3 Qa5 16. b4 Qc7 17. Bxe4 dxe4 18. Nxc3 Nxb4 19. Nxe4 Nd5 20. Qd3 Rac8 21.
Rb1 b6 22. Ng5 f5 23. Rb3 h6 24. Ngf3 Ba4 25. Rb2 Qc3 26. Ra2 Qxd3 27. cxd3 f4
28. e4 Nc3 29. Rb2 Bd1 30. Kh1 Rcd8 31. h4 Rd7 32. Kh2 Rc8 33. h5 Be2 34. Rh1
Bd1 35. Kh3 Kh7 36. Kh4 Kg8 37. Rb4 Ne2 38. g3 fxg3 39. fxg3 Rcd8 40. Ng2 Nc3
41. Ne5 Rxd4 42. Rxd4 Rxd4 43. Ne3 Be2 44. Rc1 g5+ 45. hxg6 Nb5 46. Rc4 Kg7 47.
a4 Rxc4 48. N3xc4 Nd4 49. g4 Nf3+ 50. Nxf3 Bxf3 51. Kh5 Bd1 52. d4 Bxa4 53. Nd6
Bd7 54. d5 a5 55. dxe6 Bxe6 56. Ne8+ Kf8 57. Nc7 Bg8 58. Kxh6 a4 59. Nb5 Ke7
60. Kg7 Bc4 61. Na3 Be6 62. g5 Kd6 63. Kf6 Bg8 64. e5+ Kd7 65. g7 Bd5 66. Nb5
Bc4 67. Nd4 a3 68. e6+ Bxe6 69. Nxe6 a2 70. g8=Q a1=Q+ 71. Kf7 Qf1+ 72. Kg7
Qa1+ 73. Kf8 Qa3+ 74. Kf7 Qf3+ 75. Kg7 Qc3+ 76. Kh7 Qh3+ 77. Kg6 Qd3+ 78. Kh6
Qh3+ 79. Kg6 Qd3+ 80. Kf6 Qf1+ 81. Ke5 Qe2+ 82. Kf5 Qc2+ 83. Kf6 Qf2+ 84. Kg7
Qb2+ 85. Kh6 Qh2+ 86. Kg6 Qc2+ 87. Kf7 Qf2+ 88. Nf4 Qxf4+ 89. Kg6 Qe4+ 90. Kh5
Qh1+ 91. Kg4 Qe4+ 92. Kg3 Qe3+ 93. Kg2 Qd2+ 94. Kf1 b5 95. Qf7+ Kd6 96. g6 Qd1+
97. Kf2 Qc2+ 98. Kg3 Qd3+ 99. Kh4 Qe4+ 100. Kh5 Qh1+ 101. Kg5 Qc1+ 102. Kg4
Qg1+ 103. Kh3 Qe3+ 104. Kh2 Qe5+ 105. Kg1 Qg3+ 106. Kf1 Qd3+ 107. Ke1 Qe3+ 108.
Kd1 Qd3+ 109. Kc1 Qe3+ 110. Kc2 Qc5+ 111. Kd1 Qd4+ 112. Ke2 Qe4+ 113. Kd2 Qd4+
114. Ke2 Qe4+ 115. Kf1 Qd3+ 116. Kg2 Qe2+ 117. Kh3 Qe6+ 118. Kg2 Qxf7 119. gxf7
Ke7 120. f8=Q+ Kxf8 121. Kf1 Kg8 122. Kf2 Kh8 123. Kf3 Kg8 124. Kf4 Kh8 125.
Kf5 Kg8 126. Kf4 Kh8 127. Kf5 Kg8 128. Kf4 {Game drawn by repetition} 1/2-1/2

[Event "ICS Rated blitz match"]
[Site "204.178.125.65"]
[Date "2000.09.26"]
[Round "?"]
[White "Kicke"]
[Black "Hossa"]
[Result "0-1"]
[WhiteElo "1947"]
[BlackElo "2601"]
[PlyCount "100"]
[EventDate "2000.??.??"]

1. e4 e5 2. Nf3 Nc6 3. d4 exd4 4. Bc4 Nf6 5. e5 Ng4 6. Bf4 Bb4+ 7. Nbd2 d6 8.
O-O dxe5 9. Re1 O-O 10. Nxe5 Ncxe5 11. Bxe5 Nxe5 12. Rxe5 Qf6 13. Nf3 Bd6 14.
Rh5 c5 15. Bd3 Bg4 16. Rd5 Rad8 17. Bc4 Bxf3 18. Qxf3 Qxf3 19. gxf3 b5 20. Bxb5
Bxh2+ 21. Kxh2 Rxd5 22. Re1 Rb8 23. Bc4 Rf5 24. Kg3 Kf8 25. b3 Re8 26. Rxe8+
Kxe8 27. Bd3 Rg5+ 28. Kf4 Rg2 29. Ke5 Rxf2 30. Kd5 Rxf3 31. Kxc5 Rxd3 32. cxd3
Kd7 33. Kxd4 Ke6 34. b4 h5 35. a4 h4 36. Ke3 h3 37. Kf3 g5 38. b5 g4+ 39. Kg3
f5 40. a5 Kd6 41. d4 f4+ 42. Kh2 Kc7 43. d5 Kd6 44. b6 a6 45. Kh1 f3 46. Kg1 g3
47. b7 Kc7 48. d6+ Kxb7 49. d7 Kc7 50. Kh1 Kxd7 {Kicke resigns} 0-1

[Event "ICS rated blitz match"]
[Site "204.178.125.65"]
[Date "2000.09.26"]
[Round "?"]
[White "Hossa"]
[Black "JionoJones"]
[Result "1-0"]
[WhiteElo "2602"]
[BlackElo "2152"]
[PlyCount "35"]
[EventDate "2000.??.??"]

1. e4 e6 2. d4 d5 3. Nc3 Nf6 4. Bg5 Be7 5. e5 Nfd7 6. Bxe7 Qxe7 7. f4 c5 8. Nb5
Na6 9. Nd6+ Kf8 10. Bxa6 bxa6 11. Nf3 cxd4 12. O-O a5 13. Nxd4 Ba6 14. Re1 h5
15. Nc6 Qh4 16. Qd2 Rh6 17. Qxa5 Bc4 18. Qc7 {JionoJones resigns} 1-0

[Event "ICS rated blitz match"]
[Site "204.178.125.65"]
[Date "2000.09.26"]
[Round "?"]
[White "Valg"]
[Black "Hossa"]
[Result "0-1"]
[WhiteElo "2491"]
[BlackElo "2604"]
[PlyCount "92"]
[EventDate "2000.??.??"]

1. e4 e5 2. f4 exf4 3. Nf3 g5 4. Bc4 g4 5. O-O gxf3 6. Qxf3 Qf6 7. e5 Qxe5 8.
Bxf7+ Kxf7 9. c3 Bd6 10. d4 Qf5 11. Na3 Bxa3 12. bxa3 Ne7 13. Bxf4 Ke8 14. Bxc7
Qxf3 15. Rxf3 d5 16. Re1 Rf8 17. Rxf8+ Kxf8 18. Bd6 Nbc6 19. Rf1+ Kg7 20. h3
Nf5 21. Bf4 Be6 22. g4 Nh4 23. Bg5 Ng6 24. Kg2 Rf8 25. Rxf8 Nxf8 26. Kg3 Na5
27. Be7 Ng6 28. Bg5 Nc4 29. Bc1 Nd6 30. Kf3 Bd7 31. Be3 Nb5 32. Bd2 Nxa3 33.
Kg3 Nc4 34. Bc1 Nd6 35. Kf3 a6 36. Be3 Nc4 37. Bg5 Ba4 38. Bf4 Nxf4 39. Kxf4
Bc2 40. g5 Bb1 41. a4 a5 42. Kf3 Bc2 43. Ke2 Kg6 44. h4 Kh5 45. Kf2 Kxh4 46. g6
hxg6 {Valg resigns} 0-1

[Event "ICS rated blitz match"]
[Site "204.178.125.65"]
[Date "2000.09.26"]
[Round "?"]
[White "Hossa"]
[Black "HangerOn"]
[Result "1/2-1/2"]
[WhiteElo "2615"]
[BlackElo "2892"]
[PlyCount "147"]
[EventDate "2000.??.??"]

1. e4 c5 2. Nf3 Nc6 3. Bb5 g6 4. O-O Bg7 5. Bxc6 dxc6 6. d3 Nf6 7. Nbd2 O-O 8.
a4 Qc7 9. Qe2 h6 10. a5 Be6 11. a6 b6 12. Nb1 Rad8 13. Bd2 Nh5 14. Bc3 f6 15.
Bd2 Bf7 16. Be3 Nf4 17. Qd2 e5 18. Nc3 c4 19. Bxf4 exf4 20. d4 Rfe8 21. Rfd1 b5
22. Re1 Qd6 23. Re2 Rd7 24. Qe1 Rde7 25. Rd1 Qb4 26. Rb1 Qa5 27. Ra1 Qc7 28.
Qd2 b4 29. Na2 Qb6 30. Nxb4 Rxe4 31. Rxe4 Rxe4 32. c3 Bf8 33. Ra3 c5 34. dxc5
Bxc5 35. Ra1 Kg7 36. h4 Re8 37. Rd1 Bxb4 38. cxb4 Qxa6 39. Nd4 Qa4 40. h5 gxh5
41. Nf5+ Kg6 42. Nh4+ Kh7 43. Qd7 Qxd7 44. Rxd7 Kg8 45. Nf5 Be6 46. Nxh6+ Kf8
47. Rxa7 Rd8 48. Ra6 Rd1+ 49. Kh2 Ke7 50. Ra7+ Rd7 51. Ra5 Rd2 52. f3 Rxb2 53.
Nf5+ Bxf5 54. Rxf5 Rxb4 55. Rxf4 Kf7 56. Rf5 c3 57. Rc5 Rb3 58. Rxh5 c2 59. Rc5
Rb2 60. Kg3 Ke7 61. Kf4 Kd6 62. Rc8 Kd5 63. Ke3 Ke5 64. Kd3 Kf4 65. Rxc2 Rxc2
66. Kxc2 Kg3 67. Kd3 Kxg2 68. Ke4 Kg3 69. Kf5 Kxf3 70. Kg6 Ke2 71. Kh6 Kf3 72.
Kg6 Ke2 73. Kh6 Kf3 74. Kg6 {Game drawn by repetition} 1/2-1/2

[Event "ICS rated blitz match"]
[Site "204.178.125.65"]
[Date "2000.09.26"]
[Round "?"]
[White "tryany1"]
[Black "Hossa"]
[Result "0-1"]
[WhiteElo "1945"]
[BlackElo "2627"]
[PlyCount "60"]
[EventDate "2000.??.??"]

1. d4 d5 2. c4 c6 3. Nc3 Nf6 4. Bg5 dxc4 5. Bxf6 exf6 6. a4 Bb4 7. e3 Be6 8.
Nge2 g5 9. Qc2 f5 10. Ng3 f4 11. Nh5 O-O 12. h4 fxe3 13. fxe3 gxh4 14. Nf4 Qg5
15. O-O-O b5 16. Ne4 Qe7 17. g4 Bxg4 18. Rg1 f5 19. Nf2 Qxe3+ 20. Kb1 Qxf4 21.
Nxg4 fxg4 22. Bxc4+ bxc4 23. Qxc4+ Rf7 24. Rdf1 Qe4+ 25. Ka1 Qd5 26. Rxg4+ Kh8
27. Rxf7 Qxc4 28. Rgg7 Qc2 29. Rg1 Ba3 30. bxa3 Qc3+ {tryany1 resigns} 0-1

[Event "ICS rated blitz match"]
[Site "204.178.125.65"]
[Date "2000.09.26"]
[Round "?"]
[White "Hossa"]
[Black "tryany1"]
[Result "1-0"]
[WhiteElo "2628"]
[BlackElo "1944"]
[PlyCount "63"]
[EventDate "2000.??.??"]

1. d4 Nf6 2. c4 c5 3. d5 b5 4. cxb5 a6 5. bxa6 Bxa6 6. Nc3 d6 7. e4 Bxf1 8.
Kxf1 g6 9. g3 Bg7 10. Kg2 O-O 11. Nf3 Qb6 12. Rf1 e6 13. Kh1 Ng4 14. Ng5 h5 15.
dxe6 f6 16. e7 Re8 17. Qd5+ Kh8 18. Nf7+ Kh7 19. Qxa8 c4 20. Nd5 Qd4 21. Nxd6
Nxf2+ 22. Kg2 Ng4 23. Nxe8 Qxe4+ 24. Kg1 Qd4+ 25. Be3 Nxe3 26. Nexf6+ Kh6 27.
Rf4 Qd2 28. Rf2 Qd4 29. Ng8+ Kh7 30. Ndf6+ Bxf6 31. Nxf6+ Kh6 32. e8=Q {
tryany1 resigns} 1-0

[Event "ICS rated blitz match"]
[Site "204.178.125.65"]
[Date "2000.09.26"]
[Round "?"]
[White "kako"]
[Black "Hossa"]
[Result "0-1"]
[WhiteElo "2092"]
[BlackElo "2629"]
[PlyCount "80"]
[EventDate "2000.??.??"]

1. e4 e5 2. Nf3 Nc6 3. d4 exd4 4. Nxd4 Nf6 5. Nxc6 bxc6 6. e5 Qe7 7. Qe2 Nd5 8.
c4 Ba6 9. g3 g6 10. b3 Bg7 11. Bb2 O-O 12. Bg2 Nb6 13. O-O d5 14. Nd2 Rad8 15.
Rac1 Rfe8 16. Rfe1 Bh6 17. f4 Qc5+ 18. Kh1 Bg7 19. Qe3 Qxe3 20. Rxe3 dxc4 21.
Nxc4 Bxc4 22. bxc4 Nxc4 23. Re2 c5 24. h4 Nxb2 25. Rxb2 Rd3 26. Kh2 Bf8 27. Rb7
a5 28. Rxc7 Rb8 29. Rc2 Rbd8 30. Ra7 Ra3 31. h5 gxh5 32. Bh3 h4 33. gxh4 Bh6
34. e6 Bxf4+ 35. Kg2 Rg3+ 36. Kf1 Rxh3 37. Rg2+ Kh8 38. exf7 Rd1+ 39. Ke2 Rd2+
40. Ke1 Rh1+ {kako resigns} 0-1

[Event "ICS rated blitz match"]
[Site "204.178.125.65"]
[Date "2000.09.26"]
[Round "?"]
[White "Hossa"]
[Black "kako"]
[Result "1-0"]
[WhiteElo "2630"]
[BlackElo "2091"]
[PlyCount "87"]
[EventDate "2000.??.??"]

1. e4 e5 2. Nf3 Nc6 3. Bb5 a6 4. Ba4 Nf6 5. Qe2 b5 6. Bb3 Be7 7. O-O O-O 8. c3
d6 9. Rd1 Na5 10. Bc2 c5 11. d4 Qc7 12. dxe5 dxe5 13. b3 Nc6 14. Nbd2 Re8 15.
Nf1 Bf8 16. Ne3 Bg4 17. Nd5 Nxd5 18. exd5 e4 19. h3 exf3 20. Qd3 g6 21. hxg4
Ne5 22. Qe4 fxg2 23. Qxg2 Bd6 24. f4 Nd7 25. Qh2 c4 26. b4 a5 27. bxa5 Nc5 28.
Qh6 Ne4 29. Bxe4 Rxe4 30. Kg2 Re2+ 31. Kf1 Rae8 32. a6 Qa7 33. Qh4 Bc5 34. Rd2
Re1+ 35. Qxe1 Rxe1+ 36. Kxe1 Qxa6 37. Rb1 Bd6 38. Re2 Qb6 39. Re8+ Kg7 40. Be3
Qb7 41. g5 Qxd5 42. Kf2 f6 43. gxf6+ Kxf6 44. Rd8 {kako resigns} 1-0

[Event "ICS rated blitz match"]
[Site "204.178.125.65"]
[Date "2000.09.26"]
[Round "?"]
[White "Hossa"]
[Black "JionoJones"]
[Result "1-0"]
[WhiteElo "2632"]
[BlackElo "2089"]
[PlyCount "67"]
[EventDate "2000.??.??"]

1. e4 c5 2. Nf3 Nc6 3. Bb5 g6 4. O-O Bg7 5. Bxc6 dxc6 6. d3 Bg4 7. h3 Bxf3 8.
Qxf3 e6 9. Nc3 Qf6 10. Qg3 Qe5 11. Bf4 Qd4 12. Bg5 h6 13. Be3 Qb4 14. Rab1 Ne7
15. Qd6 b6 16. a3 Qa5 17. Bd2 Qa6 18. Qf4 O-O 19. Qh4 g5 20. Qh5 Ng6 21. Ne2 c4
22. d4 Rad8 23. Bc3 b5 24. Bb4 Rfe8 25. e5 Qb6 26. Bc5 Qb7 27. c3 a5 28. f4
gxf4 29. Nxf4 Nxf4 30. Rxf4 Rd5 31. Rg4 Kh7 32. Bd6 c5 33. Rf1 cxd4 34. Rxf7 {
JionoJones resigns} 1-0

[Event "ICS rated blitz match"]
[Site "204.178.125.65"]
[Date "2000.09.26"]
[Round "?"]
[White "JionoJones"]
[Black "Hossa"]
[Result "0-1"]
[WhiteElo "2088"]
[BlackElo "2633"]
[PlyCount "50"]
[EventDate "2000.??.??"]

1. d4 d5 2. c4 e6 3. Nc3 Nf6 4. Bg5 Be7 5. e3 O-O 6. Nf3 Nbd7 7. Rc1 c6 8. Bd3
dxc4 9. Bxc4 Nd5 10. Bxe7 Qxe7 11. O-O Nxc3 12. Rxc3 e5 13. dxe5 Nxe5 14. Nxe5
Qxe5 15. f4 Qe4 16. Qf3 Qxf3 17. Rxf3 Rd8 18. Rc1 Bf5 19. Rf2 Rd7 20. h3 Re8
21. Re1 Be4 22. b3 Red8 23. Rb2 Rd2 24. Re2 Rd1+ 25. Kf2 b5 {JionoJones resigns
} 0-1

[Event "ICS rated blitz match"]
[Site "204.178.125.65"]
[Date "2000.09.26"]
[Round "?"]
[White "Hossa"]
[Black "JionoJones"]
[Result "1-0"]
[WhiteElo "2634"]
[BlackElo "2087"]
[PlyCount "57"]
[EventDate "2000.??.??"]

1. e4 c5 2. Nf3 Nc6 3. d4 cxd4 4. Nxd4 Nf6 5. Nc3 e5 6. Ndb5 d6 7. Bg5 a6 8.
Na3 b5 9. Bxf6 gxf6 10. Nd5 Bg7 11. Bd3 Ne7 12. Nxe7 Qxe7 13. c3 f5 14. O-O O-O
15. Nc2 Rb8 16. exf5 e4 17. Re1 d5 18. Bf1 Bb7 19. Qh5 Qf6 20. Rad1 Rbd8 21.
Re3 Rfe8 22. Rh3 h6 23. Rg3 Kh7 24. Ne3 Re5 25. Rh3 Kg8 26. Ng4 Qg5 27. Qxg5
hxg5 28. f6 Bf8 29. Nxe5 {JionoJones resigns} 1-0

[Event "ICS rated blitz match"]
[Site "204.178.125.65"]
[Date "2000.09.26"]
[Round "?"]
[White "HangerOn"]
[Black "Hossa"]
[Result "1-0"]
[WhiteElo "2881"]
[BlackElo "2646"]
[PlyCount "101"]
[EventDate "2000.??.??"]

1. e4 e5 2. Nf3 Nc6 3. Bb5 a6 4. Ba4 Nf6 5. O-O Be7 6. Re1 b5 7. Bb3 d6 8. c3
O-O 9. h3 Bb7 10. d4 Re8 11. Nbd2 Bf8 12. a4 h6 13. Bc2 exd4 14. cxd4 Nb4 15.
Bb1 c5 16. d5 Nd7 17. Ra3 f5 18. Rae3 Nf6 19. Nh2 Qd7 20. exf5 Rxe3 21. fxe3
Bxd5 22. Ng4 Be7 23. e4 Bf7 24. Nf3 Nxg4 25. hxg4 bxa4 26. Ne5 Qe8 27. Nxf7
Qxf7 28. Qxa4 Bf6 29. Rd1 Be5 30. g5 hxg5 31. Bxg5 Qh5 32. Qb3+ Kf8 33. Bc1 Bg3
34. Qf3 Qh2+ 35. Kf1 Nc6 36. e5 Rc8 37. f6 Qh1+ 38. Ke2 Nd4+ 39. Rxd4 Qe1+ 40.
Kd3 g5 41. Qb7 Qd1+ 42. Bd2 c4+ 43. Ke3 Qg1+ 44. Ke2 Qf2+ 45. Kd1 Qf1+ 46. Kc2
Qf5+ 47. Kc3 Qe6 48. Bg6 Rc7 49. Qxc7 Qxf6 50. exf6 Be5 51. Qg7# {
Hossa checkmated} 1-0

[Event "ICS rated blitz match"]
[Site "204.178.125.65"]
[Date "2000.09.26"]
[Round "?"]
[White "Hossa"]
[Black "HangerOn"]
[Result "0-1"]
[WhiteElo "2639"]
[BlackElo "2888"]
[PlyCount "148"]
[EventDate "2000.??.??"]

1. e4 c5 2. Nf3 d6 3. d4 cxd4 4. Nxd4 e5 5. Bb5+ Nd7 6. Nf5 a6 7. Ba4 b5 8. Bb3
Ndf6 9. Ng3 Ne7 10. Bg5 Bb7 11. Nc3 Qc7 12. O-O b4 13. Ba4+ Bc6 14. Bxf6 bxc3
15. Bxe7 cxb2 16. Rb1 Bxe7 17. Bxc6+ Qxc6 18. Rxb2 O-O 19. Nf5 Bf6 20. Qd3 g6
21. Qxd6 Qxe4 22. Qxf6 Qxf5 23. Qxf5 gxf5 24. c4 Rfc8 25. Rc1 Rc6 26. Re2 f6
27. c5 Rd8 28. f3 Rd5 29. Rec2 Kf7 30. Kf2 h5 31. Ke3 Ke6 32. g3 Rd4 33. h3 Kd5
34. Ke2 a5 35. a3 h4 36. gxh4 Rxh4 37. Rd1+ Ke6 38. Rh1 e4 39. Rc3 Ke5 40. Rcc1
Rh7 41. Ke3 f4+ 42. Ke2 e3 43. Rc4 Rb7 44. Rhc1 f5 45. R4c2 Rg7 46. h4 Rg3 47.
h5 Rh3 48. Kd3 Rxh5 49. Kc4 Rc8 50. Kb5 Rh3 51. Rf1 Rh7 52. c6 Rb8+ 53. Ka4 Rc7
54. Rc5+ Kf6 55. Rh1 Rb2 56. Rh8 Rf2 57. Rf8+ Kg6 58. Kxa5 Rxf3 59. Kb6 e2 60.
Re8 Re3 61. Rxe3 fxe3 62. Rc1 Rxc6+ 63. Kxc6 f4 64. Kb7 f3 65. Re1 f2 66. Rxe2
f1=Q 67. Rb2 Qf7+ 68. Kc8 e2 69. Rb6+ Kg5 70. Kb8 Qe8+ 71. Kc7 e1=Q 72. Rg6+
Qxg6 73. Kc8 Qe7 74. a4 Qge8# {Hossa checkmated} 0-1

[Event "ICS rated blitz match"]
[Site "204.178.125.65"]
[Date "2000.09.26"]
[Round "?"]
[White "HangerOn"]
[Black "Hossa"]
[Result "1-0"]
[WhiteElo "2894"]
[BlackElo "2633"]
[PlyCount "123"]
[EventDate "2000.??.??"]

1. e4 e5 2. Nf3 Nc6 3. Bc4 Bc5 4. c3 Nf6 5. d4 exd4 6. O-O Nxe4 7. cxd4 Be7 8.
d5 Na5 9. Bd3 Nf6 10. b4 Bxb4 11. Qa4 Nxd5 12. a3 Nc6 13. axb4 Ndxb4 14. Re1+
Kf8 15. Ba3 a5 16. Re4 Rb8 17. Bxb4+ axb4 18. Nd4 d6 19. Nxc6 bxc6 20. Rxb4
Rxb4 21. Qxb4 c5 22. Qb8 Ke7 23. Ra7 Re8 24. Rxc7+ Kf8 25. Nd2 Be6 26. Qxd8
Rxd8 27. f4 g6 28. Ne4 Kg7 29. Kf2 Bd5 30. f5 gxf5 31. Ng3 Kf6 32. Nxf5 h5 33.
h4 Bb3 34. Ng3 Rh8 35. Be2 Ke5 36. Nxh5 Rg8 37. g4 Rh8 38. Kg3 Re8 39. g5 Kd4
40. Bf3 Rh8 41. Rd7 Ke5 42. Re7+ Be6 43. Nf4 Rb8 44. Bd5 Rb6 45. Bxe6 fxe6 46.
g6 Kf5 47. Rf7+ Ke4 48. g7 Rb3+ 49. Kf2 Rf3+ 50. Kg2 Rxf4 51. Rxf4+ Kxf4 52.
g8=Q d5 53. Qg5+ Ke4 54. h5 d4 55. Qxc5 d3 56. h6 d2 57. Qc2+ Ke3 58. h7 d1=Q
59. Qxd1 Kf4 60. h8=Q Kg5 61. Qdh5+ Kf4 62. Qd4# {Hossa checkmated} 1-0

[Event "ICS rated blitz match"]
[Site "204.178.125.65"]
[Date "2000.09.26"]
[Round "?"]
[White "Hossa"]
[Black "riffifi"]
[Result "1-0"]
[WhiteElo "2627"]
[BlackElo "2248"]
[PlyCount "89"]
[EventDate "2000.??.??"]

1. e4 e6 2. Nf3 d5 3. e5 Nh6 4. d4 Nf5 5. Bd3 c5 6. Bxf5 exf5 7. O-O Be6 8. Bg5
Qb6 9. Nc3 Qxb2 10. Bd2 Qb6 11. Rb1 Qd8 12. Rxb7 Nc6 13. Nb5 Rc8 14. Nxa7 Nxa7
15. Rxa7 Qb6 16. Ra3 c4 17. Re3 Be7 18. a4 O-O 19. a5 Qa7 20. Bc3 h6 21. Ree1
Rb8 22. Qd2 Rb5 23. Rb1 Rfb8 24. Rxb5 Rxb5 25. Ra1 Qa6 26. Qe3 Bb4 27. Bxb4
Rxb4 28. Qa3 Rb5 29. h3 g5 30. Qe7 Rb7 31. Qf6 Kh7 32. Qd8 Rb2 33. h4 g4 34.
Ne1 Qa7 35. c3 Rb8 36. Qd6 Rb3 37. Ra3 Kg7 38. Kf1 h5 39. g3 Qd7 40. Qxd7 Bxd7
41. Nc2 Rb2 42. Nb4 Bb5 43. Ra1 Rxb4 44. cxb4 c3+ 45. Ke1 {riffifi resigns} 1-0

[Event "ICS rated blitz match"]
[Site "204.178.125.65"]
[Date "2000.09.26"]
[Round "?"]
[White "Hossa"]
[Black "PostModernist"]
[Result "0-1"]
[WhiteElo "2630"]
[BlackElo "2682"]
[PlyCount "82"]
[EventDate "2000.??.??"]

1. e4 Nc6 2. Nf3 f5 3. exf5 d5 4. Bb5 Bxf5 5. Ne5 Qd6 6. d4 Bd7 7. Bxc6 Bxc6 8.
O-O Qe6 9. c4 dxc4 10. Na3 O-O-O 11. Be3 b5 12. Qc2 Bb7 13. Nxb5 Qd5 14. f4 Nf6
15. Nc3 Qe6 16. f5 Qg8 17. b3 cxb3 18. axb3 a6 19. b4 Rd6 20. Rfc1 Ne8 21. b5
a5 22. Rxa5 g6 23. fxg6 Bg7 24. Nf7 Rxg6 25. Qb3 Rf6 26. Rf1 Bh6 27. Bg5 Bxg5
28. Nd1 Rxf1+ 29. Kxf1 Bd2 30. Qh3+ Kb8 31. Ra1 Qxf7+ 32. Ke2 Qd5 33. Qa3 Qxg2+
34. Nf2 Rf8 35. Qa7+ Kc8 36. d5 Bc3 37. Ra3 Qf3+ 38. Kf1 Qd1+ 39. Kg2 Bxd5+ 40.
Kh3 Qf3+ 41. Kh4 Bf6# {Hossa checkmated} 0-1

[Event "ICS Rated standard match"]
[Site "204.178.125.65"]
[Date "2000.09.26"]
[Round "?"]
[White "raw-pawn"]
[Black "Hossa"]
[Result "0-1"]
[WhiteElo "2133"]
[BlackElo "2356"]
[PlyCount "40"]
[EventDate "2000.??.??"]

1. e4 d5 2. exd5 Qxd5 3. Nf3 Nc6 4. Be2 Bg4 5. O-O O-O-O 6. d3 Nf6 7. Be3 Qb5
8. Nbd2 e6 9. a4 Qxb2 10. a5 Nb4 11. a6 b6 12. Nd4 Rxd4 13. Bxd4 Qxd4 14. c3
Bxe2 15. Qxe2 Qxc3 16. Rfc1 Qxd3 17. Qe5 Bc5 18. Nc4 Bxf2+ 19. Kh1 Bd4 20.
Nxb6+ Bxb6 {raw-pawn resigns} 0-1

[Event "ICS rated blitz match"]
[Site "204.178.125.65"]
[Date "2000.09.26"]
[Round "?"]
[White "I-Labib"]
[Black "Hossa"]
[Result "1-0"]
[WhiteElo "2117"]
[BlackElo "2616"]
[PlyCount "133"]
[EventDate "2000.??.??"]

1. e3 e5 2. b3 Nf6 3. Bb2 Nc6 4. d3 d5 5. Nd2 Bd6 6. a3 Bf5 7. c4 d4 8. e4 Be6
9. g3 O-O 10. Bg2 Qc8 11. Ne2 Bh3 12. O-O Bxg2 13. Kxg2 Qd7 14. h3 Qe7 15. f4
Nd7 16. f5 a5 17. Nf3 Bc5 18. g4 Rfc8 19. Ng3 f6 20. Bc1 Qf7 21. g5 Rf8 22. Kh2
Be7 23. Rg1 a4 24. b4 Nb6 25. g6 hxg6 26. fxg6 Qe6 27. Nf5 Qd7 28. N3h4 Rfc8
29. Qh5 Qe6 30. Qh7+ Kf8 31. Qxg7+ Ke8 32. Qh7 Kd7 33. g7 Rg8 34. Ng6 Nxc4 35.
dxc4 Qxc4 36. Ngxe7 Nxe7 37. Nxe7 Kxe7 38. Bh6 Qe2+ 39. Rg2 Qh5 40. Qg6 Qf3 41.
Qg4 Qb3 42. Rf2 Ra6 43. Raf1 Qxa3 44. Qg6 Qxb4 45. Rxf6 Qb2+ 46. Kh1 Rxf6 47.
Qxf6+ Kd7 48. Qf7+ Kc6 49. Qxg8 Kb6 50. Qd5 c6 51. Qd8+ Kb5 52. g8=Q Qc2 53.
Qg2 Qxg2+ 54. Kxg2 Kc4 55. Rb1 Kd3 56. Qb6 Kxe4 57. Qxb7 Kd3 58. Qxc6 e4 59.
Qxa4 e3 60. Rd1+ Ke4 61. Qxd4+ Kf5 62. Qxe3 Kg6 63. Rf1 Kh7 64. Qg3 Kxh6 65.
Rf6+ Kh7 66. Qg6+ Kh8 67. Rf8# {Hossa checkmated} 1-0

[Event "ICS Rated blitz match"]
[Site "204.178.125.65"]
[Date "2000.09.26"]
[Round "?"]
[White "Hossa"]
[Black "Dorky"]
[Result "1-0"]
[WhiteElo "2582"]
[BlackElo "2541"]
[PlyCount "112"]
[EventDate "2000.??.??"]

1. e4 e5 2. Nf3 Nc6 3. d4 exd4 4. Nxd4 Bc5 5. Be3 Qf6 6. c3 Nge7 7. Bc4 O-O 8.
O-O Bb6 9. Na3 d6 10. Ndb5 Rd8 11. Bxb6 cxb6 12. Nc7 Rb8 13. f4 a6 14. Qh5 g6
15. Qh6 b5 16. Bb3 b4 17. Nc4 bxc3 18. e5 dxe5 19. fxe5 Nf5 20. exf6 Nxh6 21.
bxc3 Bg4 22. Ne3 Rd7 23. Ned5 Bf5 24. Rfe1 Kh8 25. h3 g5 26. Rad1 Rc8 27. g4
Bg6 28. Ne8 b5 29. c4 Na5 30. cxb5 Nxb3 31. axb3 Bc2 32. b4 Bxd1 33. Nb6 Rcd8
34. Nxd7 axb5 35. Ne5 Ba4 36. Nd6 Bb3 37. Nxb5 Ng8 38. Rb1 Ba2 39. Nc3 Be6 40.
Ne4 Rd5 41. Nf3 h6 42. b5 Rd3 43. b6 Ba2 44. Ne5 Rd8 45. Nc3 Re8 46. Nxa2 Rxe5
47. b7 Re8 48. b8=Q Rxb8 49. Rxb8 Kh7 50. Rb6 Kg6 51. Nc3 h5 52. Ne4 hxg4 53.
hxg4 Kh7 54. Rb5 Nh6 55. Rxg5 Ng8 56. Rg7+ Kh8 {Dorky resigns} 1-0

[Event "ICS rated blitz match"]
[Site "204.178.125.65"]
[Date "2000.09.26"]
[Round "?"]
[White "PostModernist"]
[Black "Hossa"]
[Result "0-1"]
[WhiteElo "2703"]
[BlackElo "2596"]
[PlyCount "226"]
[EventDate "2000.??.??"]

1. d4 d5 2. Nf3 Nf6 3. e3 e6 4. Bd3 c5 5. b3 Nc6 6. O-O Bd7 7. c4 Nb4 8. cxd5
Nxd3 9. Qxd3 Nxd5 10. Bb2 Nb4 11. Qe2 cxd4 12. Bxd4 f6 13. Bc3 Nd5 14. Nh4 Nxc3
15. Nxc3 Qa5 16. Ne4 Qe5 17. Qc2 Rc8 18. Qb1 Bc6 19. Rc1 Ba3 20. Nf3 Qd5 21.
Rc4 O-O 22. Nc3 Qa5 23. Nd4 Bb4 24. Nxc6 Rxc6 25. Rxc6 bxc6 26. Ne2 Rd8 27. Nd4
Qd5 28. Qc2 c5 29. Nf3 Ba3 30. e4 Qd6 31. h4 Rd7 32. e5 fxe5 33. Re1 Bb4 34.
Rxe5 Qd1+ 35. Qxd1 Rxd1+ 36. Kh2 Ra1 37. Re2 h6 38. Kg3 a6 39. h5 Bc3 40. Kf4
a5 41. g4 Rf1 42. Ne5 Rd1 43. Rc2 Bb4 44. Kg3 Rg1+ 45. Kh2 Rd1 46. Kg2 Kf8 47.
f4 Ke7 48. Nc4 Rd3 49. Re2 Kf6 50. Re5 Rd5 51. Kf3 Bc3 52. Re4 Rd1 53. Re3 Bd4
54. Re2 Bc3 55. Rc2 Rd3+ 56. Ke2 Rh3 57. Kf1 Rf3+ 58. Kg2 Rd3 59. Kf2 Bd4+ 60.
Kg2 Bc3 61. Rc1 g5 62. hxg6 Kxg6 63. Rh1 Kg7 64. Rh5 Rd5 65. Kf2 Rxh5 66. gxh5
Kf6 67. Kf3 Ke7 68. Ke2 Kf6 69. a3 Kf5 70. Kf3 Kf6 71. Ke4 Kg7 72. Kd3 Be1 73.
Nd6 Bf2 74. Ke4 Bd4 75. Nb7 Bb2 76. Nxa5 Bxa3 77. Ke5 Kf7 78. Nc6 Bb2+ 79. Kd6
Kf6 80. Ne5 Kf5 81. Nd3 Bd4 82. Nxc5 e5 83. fxe5 Bxe5+ 84. Kc6 Bc3 85. Kd7 Kg4
86. Ne4 Bd4 87. Kc6 Kxh5 88. b4 Kg4 89. Nc5 h5 90. Nd3 h4 91. Kd5 Bg1 92. Ke4
h3 93. Ne5+ Kg3 94. Nf3 Bd4 95. Nd2 Bc3 96. Nf1+ Kg2 97. Ne3+ Kg1 98. Ng4 Bxb4
99. Kf3 Bd6 100. Ke2 Bf4 101. Kf3 Be5 102. Ke2 Kg2 103. Ne3+ Kg3 104. Nf5+ Kh2
105. Kf1 Bb8 106. Ne3 Ba7 107. Nc4 Kg3 108. Nd2 Kf4 109. Nc4 Bd4 110. Nd6 Be3
111. Nc4 Kg3 112. Ke2 h2 113. Kd3 Bf4 {PostModernist resigns} 0-1

[Event "ICS rated blitz match"]
[Site "204.178.125.65"]
[Date "2000.09.26"]
[Round "?"]
[White "Hossa"]
[Black "PostModernist"]
[Result "0-1"]
[WhiteElo "2617"]
[BlackElo "2682"]
[PlyCount "202"]
[EventDate "2000.??.??"]

1. d4 Nf6 2. c4 c5 3. d5 g6 4. Nc3 Bg7 5. e4 d6 6. f4 e6 7. Nf3 exd5 8. cxd5
Nbd7 9. Bd3 O-O 10. O-O a6 11. e5 Ng4 12. h3 c4 13. Bxc4 Qb6+ 14. Kh1 Ne3 15.
Bxe3 Qxe3 16. Qc2 Qxf4 17. Ne2 Qe3 18. exd6 Qc5 19. Ng5 Nb6 20. Bb3 Qxd6 21.
Ne4 Qe5 22. N2c3 Bf5 23. Rae1 Rae8 24. d6 Kh8 25. Qf2 Qd4 26. Qxd4 Bxd4 27. Rd1
Bxc3 28. Nxc3 h5 29. Rd4 Nd7 30. Bd5 b6 31. Bc6 Rd8 32. Nd5 Ne5 33. Ne7 Bd7 34.
Bxd7 Nxd7 35. Kh2 Kg7 36. Rd2 h4 37. Rf4 Rh8 38. Rdd4 g5 39. Rf1 Rhe8 40. Rg4
f6 41. Ra4 Nc5 42. Rb4 b5 43. Rd4 Rd7 44. b4 Nb7 45. Nf5+ Kg6 46. a3 Re5 47.
Ne7+ Kf7 48. Rfd1 Re3 49. Nf5 Rxa3 50. Re4 Rc3 51. Re7+ Rxe7 52. dxe7 Rc7 53.
Rd8 Rxe7 54. Rb8 Nd8 55. Rxd8 Re5 56. Nd4 Re4 57. Nc6 Rc4 58. Rd6 Kg7 59. Re6
Kf7 60. Re7+ Kg6 61. Rc7 Kh6 62. Rc8 Kh7 63. Kg1 Kg7 64. Rc7+ Kh6 65. Kf2 f5
66. Rc8 g4 67. hxg4 fxg4 68. Kg1 Rc1+ 69. Kh2 Kg5 70. g3 Rc2+ 71. Kg1 hxg3 72.
Rg8+ Kh5 73. Nb8 Ra2 74. Rg7 a5 75. Nc6 a4 76. Rb7 g2 77. Rxb5+ Kh4 78. Rd5 Kh3
79. Rd3+ g3 80. Rd1 Rb2 81. Ne7 a3 82. Nd5 a2 83. Nc3 Rf2 84. Nxa2 Rxa2 85. b5
Rb2 86. Ra1 Rxb5 87. Rd1 Rf5 88. Ra1 Rf1+ 89. Rxf1 gxf1=Q+ 90. Kxf1 Kh2 91. Ke2
g2 92. Kd3 g1=Q 93. Kc4 Qb6 94. Kd5 Qa5+ 95. Ke4 Qd8 96. Kf4 Qe7 97. Kg4 Qf6
98. Kh5 Qg7 99. Kh4 Kg2 100. Kh5 Kf3 101. Kh4 Qh6# {Hossa checkmated} 0-1